| 000 | 01025nam a22002417a 4500 | ||
|---|---|---|---|
| 005 | 20240305165621.0 | ||
| 007 | cr|||| ||| | ||
| 008 | 211109s2021 pe |||||s|||| 00||0 spa d | ||
| 020 | _a978-612-4460-33-3 | ||
| 035 | _a35361 | ||
| 040 | _avLex | ||
| 090 |
_c12641 _d12641 |
||
| 100 | 1 | _aRíos Patio, Gino | |
| 245 | 1 | 0 |
_aCriminología sociológica _h[Recurso electrónico] : _bEstudio de los fenómenos sociales de la criminalidad para su prevención / _cGino Ríos Patio, Wael Hikal |
| 256 | _aServicio en línea | ||
| 300 | _a1 recurso electrónico | ||
| 506 | 1 |
_aDisponible solo en los productos indicados _dvLex Global _dvLex Global (Academic Edition, excluding Law Schools) _dvLex Global (U.S. Academic Edition, Law Schools) _dvLex Global (U.S. Academic Edition, excluding Law Schools) _dvLex Global (Academic Edition, Law Schools) |
|
| 650 | 0 | 4 |
_aDerecho Penal _zPerú |
| 700 | 1 | _aHikal, Wael | |
| 740 | 0 | _avLex Libros (Servicio en línea) | |
| 856 | 4 | 0 | _uhttps://app.vlex.com/#/sources/35361 |
| 942 | _cRAA | ||
| 999 |
_c170877 _d170877 |
||